LEADER 01255nam a2200289 a 4500 001 000000132361 003 CaOOAMICUS 005 20130117181037.0 008 130117s2011 nyu u001 u eng r 020 $a978-0-19-974260-8 040 $aPUL$bita 082 04$a221 100 1 $aCarr, David McLain,$d1961-$0(OLS)http://pul/name/85250 245 14$aThe formation of the Hebrew Bible :$ba new reconstruction /$cDavid M. Carr. 260 $aNew York :$bOxford University Press,$cİ2011. 300 $axii, 524 p. ;$c24 cm. 500 $aInclude riferimenti bibliografici ed indice. 630 04$aBiblia.$pV.T.$xConcordanze ebraiche.$0(OLS)http://pul/subject/5822 630 04$aBiblia.$pV.T.$xManoscritti ebraici.$0(OLS)http://pul/subject/8933 850 $aPUL 852 $aPUL$W1$xSL Religione 3$y85$m221 CARDA 1$j152312$qDDC 21$B151664$CPULBib$Z2$F151664 $H132361 $82 941 1 $a9 996 $6020$a978-0-19-974260-8$9(OLS)http://pul/number/151530 996 $6082$a221$9(OLS)http://pul/classification/511 996 $6245$aThe formation of the Hebrew Bible :$ba new reconstruction$9(OLS)http://pul/title/167224 996 $6260$aNew York :$bOxford University Press$9(OLS)http://pul/publisher/50683 LEADER 01302nam a2200313 a 4500 001 000000146184 003 CaOOAMICUS 005 20151002100207.0 008 151002s2015 gw u000 u ger r 020 $z9783110411485* 040 $aPUL$bita 082 04$a103 100 1 $aLimberger, Veronika.$0(OLS)http://pul/name/93555 245 10$aEriugenas Hypertheologie /$cVeronika Limberger. 260 $aBerlin :$bWalter de Gruyter,$cİ2015. 300 $aXII, 223 p. ;$c25 cm 490 1 $aQuellen und Studien zur Geschichte der Philosophie ;$vBd. 125 500 $aComprende indici. 504 $aBibliografia p. [197]-217. 600 04$aIohannes Scotus Eriugena,$dc. 810-c. 877$xTeologia.$0(OLS)http://pul/subject/23813 830 0$aQuellen und Studien zur Geschichte der Philosophie ;$vBd. 125.$0(OLS)http://pul/title/854 850 $aPUL 852 $aPUL$W1$xSL Filosofia 3$y81$m103 COLL 10.125$j169062$qDDC 21$B169846$CPULBib$Z2$F169846 $H126317 $81 941 1 $a9 996 $6020$z9783110411485*$9(OLS)http://pul/number/158763 996 $6082$a103$9(OLS)http://pul/classification/621 996 $6245$aEriugenas Hypertheologie$9(OLS)http://pul/title/184815 996 $6260$aBerlin :$bWalter de Gruyter$9(OLS)http://pul/publisher/48231